01663nam a2200361 a 4500001001200000003000800012006001900020007001500039008004100054010001700095020003100112020001800143020002700161040002100188035002100209050002600230082001500256100001900271245007000290260004500360300001500405440004500420504006600465505023400531533015200765600006000917600007600977600005901053655002901112710001701141856012601158999001701284ebr10600449CaPaEBRm u cr cn|||||||||090429s2010 enk sb 001 0 eng d z 2009017876 z9783039119394 (alk. paper) z9783039119394 z9783035300406 (e-book) aCaPaEBRcCaPaEBR a(OCoLC)81292394614aPR5908.P5bA75 2010eb04a821/.82221 aArkins, Brian.14aThe thought of W.B. Yeatsh[electronic resource] /cBrian Arkins. aOxford ;aNew York :bPeter Lang,c2010. axi, 192 p. 0aReimagining Ireland,x1662-9094 ;vv. 18 aIncludes bibliographical references (p. [183]-187) and index.0 aAll things doubled: the theme of opposites in Yeats -- Yeats and religion -- Yeats and sex -- Yeats and politics -- Apocalypse: Yeats' A vision -- Further Greek themes in Yeats -- Passionate syntax: style in the poetry of Yeats. aElectronic reproduction.bPalo Alto, Calif. :cebrary,d2011.nAvailable via World Wide Web.nAccess may be limited to ebrary affiliated libraries.10aYeats, W. B.q(William Butler),d1865-1939xPhilosophy.10aYeats, W. B.q(William Butler),d1865-1939xPolitical and social views.10aYeats, W. B.q(William Butler),d1865-1939xTechnique. 7aElectronic books.2local2 aebrary, Inc.40uhttp://site.ebrary.com/lib/rucke/Doc?id=10600449zAn electronic book accessible through the World Wide Web; click to view c98693d98693